| 000 | 01343nam a2200277 a 4500 | ||
|---|---|---|---|
| 001 | 000047492 | ||
| 005 | 20201002060553.0 | ||
| 008 | 150602s2017 dr 000 0 spa d | ||
| 020 | _a9789945590678 | ||
| 040 |
_aDO-SdBNP _bspa _cBNPHU |
||
| 082 |
_axxxx _bxxxx |
||
| 245 | 0 | 0 |
_aPaseo cultural y otros temas periodísticos. / _cMayra Pérez Castillo...[et al.]. |
| 260 |
_aSanto Domingo : _bFUNGLODE, _c2017. |
||
| 300 |
_a206 p. ; _c24 cm. |
||
| 490 | 1 |
_aPremios FUNGLODE/ GFDD _aPeriodismo |
|
| 590 | _aInventariado, 2018/ YL | ||
| 586 | _aPremio de periodismo Rafael Herrera, 2016 | ||
| 505 | 0 |
_gPrimer lugar -- _tPaseo cultural / _rMayra Pérez Castillo -- _gSegundo lugar -- _tEra de Trujillo a sus 55 años / _rHéctor Francisco Minaya Rosario -- _gTercer lugar -- _tLsa emergencias en emergencia / _rDoris Pantaleón -- _gMención -- _tHospitales del Sur / _rAna Lisinia Batista Mateo -- _gMención -- _tAislados para salverse / _rAdriana Peguero -- _gMención -- _tEl legado de Salomé / _rCarmen Teresa Guzmán -- |
|
| 700 | 1 |
_aPérez Castillo, Mayra _975113 |
|
| 700 | 1 |
_aMinaya Rosario, Héctor Francisco _975114 |
|
| 700 | 1 |
_aPantaleón, Doris _973962 |
|
| 700 | 1 |
_aBatista Mateo, Ana Lisania _975115 |
|
| 700 | 1 |
_aPeguero, Adriana _975116 |
|
| 700 | 1 |
_aGuzmán, Carmen Teresa _975117 |
|
| 830 | 0 |
_aPremios FUNGLODE/ GFDD _gPeriodismo _975118 |
|
| 999 |
_c46980 _d46980 |
||